000 00810nam a22002297a 4500
003 OSt
005 20250828152944.0
008 250828b |||||||| |||| 00| 0 eng d
037 _cDissertation
040 _aFEDL
_beng
_cFEDL
041 _ahin
_hhin
082 _a510 DAN/DI
100 _aDanish
_9819217
110 _aUniversity of Delhi. Department of Education
_9818316
245 _aPracheen bhartiye sanskriti aur prathaon mein nihit ganiteeya avadharanaon ka samavesh aur school patthyekaram mein iske sambhavit upyog [Hindi]/
_cby Danish; Haneet Gandhi. Supervisor
260 _bUniversity of Delhi
_c2025
300 _a78p.
650 _aMATHEMATICS
700 _aGandhi, Haneet. Supervisor
_9819218
942 _2ddc
_cDIS
_h510 DAN/DI
_n0
999 _c1434950
_d1434950